[Event "AUTO-INT-3863"]
[Site "http://www.queenalice.com/game.php?id=1842318"]
[Date "2024.8.23"]
[Round "2"]
[White "bdpq"]
[Black "RaulSoft2"]
[Result "0-1"]
[WhiteElo "1686"]
[BlackElo "2524"]

1. e4 e5 2. d4 exd4 3. Qxd4 Nc6 4. Qd1 Nf6 5. f3 d5 6. Bb5 Bb4+ 7. Bd2 Qe7 8.
Bxc6+ bxc6 9. Ne2 Bc5 10. exd5 Nxd5 11. Nc3 Nxc3 12. Bxc3 Ba6 13. b3 O-O 14. b4
Rad8 15. Bd2 Rfe8 16. bxc5 Bxe2 0-1

[Event "AUTO-ELITE-2537"]
[Site "http://www.queenalice.com/game.php?id=1843376"]
[Date "2024.9.8"]
[Round "2"]
[White "mestreRJ"]
[Black "RaulSoft2"]
[Result "1/2-1/2"]
[WhiteElo "2729"]
[BlackElo "2568"]

1. e4 e5 2. Nf3 Nc6 3. Bc4 Bc5 4. c3 Nf6 5. d4 exd4 6. cxd4 Bb4+ 7. Bd2 Nxe4 8.
Bxb4 Nxb4 9. Bxf7+ Kxf7 10. Qb3+ Kf8 11. Qxb4+ Qe7 12. Qxe7+ Kxe7 13. O-O Kd8
14. Re1 Nf6 15. Ng5 Rf8 16. Nc3 d6 17. Nge4 Nxe4 18. Rxe4 Bf5 19. Re3 Bg6 20. f3
Re8 21. Rxe8+ Bxe8 22. Kf2 a5 23. g4 b5 24. a3 Rb8 25. d5 b4 26. axb4 Rxb4 27.
Rxa5 Rxb2+ 28. Kg3 Bf7 29. h4 h6 30. Nd1 Re2 31. Ra8+ Kd7 32. Rf8 Ke7 33. Rc8
Kd7 34. Rf8 Ke7 35. Rc8 Kd7 36. Rf8 1/2-1/2

[Event "AUTO-ELITE-2537"]
[Site "http://www.queenalice.com/game.php?id=1843377"]
[Date "2024.9.8"]
[Round "2"]
[White "RaulSoft2"]
[Black "mestreRJ"]
[Result "1/2-1/2"]
[WhiteElo "2560"]
[BlackElo "2728"]

1. d4 Nf6 2. c4 e5 3. dxe5 Ng4 4. Bf4 Nc6 5. Nf3 Bb4+ 6. Nc3 Bxc3+ 7. bxc3 Qe7
8. Qd5 f6 9. exf6 Nxf6 10. Qd3 d6 11. g3 O-O 12. Bg2 h6 13. O-O Ne5 14. Qe3 Re8
15. c5 Nd5 16. Qd4 Nxf3+ 17. Bxf3 Nxf4 18. Qxf4 dxc5 19. Rfd1 c6 20. a4 g5 21.
Qd6 Qxd6 22. Rxd6 g4 23. Bxg4 Bxg4 24. Rg6+ Kh7 25. Rxg4 Rxe2 26. Rf4 Kg7 27. a5
Rd8 28. Rg4+ Kh7 29. Rf4 Kg7 30. Rg4+ Kh7 31. Rf4 Kg7 1/2-1/2

[Event "AUTO-OPEN-4503"]
[Site "http://www.queenalice.com/game.php?id=1843446"]
[Date "2024.9.10"]
[Round "2"]
[White "CCapivara"]
[Black "RaulSoft2"]
[Result "0-1"]
[WhiteElo "2171"]
[BlackElo "2543"]

1. e4 e5 2. Nc3 Nf6 3. Bc4 Bc5 4. d3 c6 5. Bg5 h6 6. Bh4 O-O 7. Nf3 d6 8. O-O
Nbd7 9. a4 Re8 10. a5 Nf8 11. Na4 Bb4 12. Nc3 Ng6 13. Bg3 Bxa5 14. Ne2 Bg4 15.
Nc1 d5 16. exd5 cxd5 17. Bb3 Bb6 18. Re1 e4 19. dxe4 dxe4 20. Qxd8 Raxd8 21. Nh4
Nxh4 22. Bxh4 g5 23. Bg3 Nh5 24. h3 Nxg3 25. hxg4 Rd2 26. Re3 Rd1+ 27. Kh2 Nf1+
0-1

[Event "AUTO-OPEN-4503"]
[Site "http://www.queenalice.com/game.php?id=1843447"]
[Date "2024.9.10"]
[Round "2"]
[White "RaulSoft2"]
[Black "CCapivara"]
[Result "1-0"]
[WhiteElo "2544"]
[BlackElo "2239"]

1. d4 d6 2. e4 Nf6 3. Nc3 c6 4. f4 Qa5 5. Bd3 e5 6. Nf3 Bg4 7. Be3 Nbd7 8. O-O
exf4 9. Bxf4 Qb6 10. Na4 Qa5 11. c4 Be7 12. h3 Bh5 13. Qc2 Bg6 14. b4 Qd8 15. e5
dxe5 16. dxe5 Ng8 17. Bxg6 hxg6 18. e6 1-0

[Event "AUTO-OPEN-4503"]
[Site "http://www.queenalice.com/game.php?id=1843450"]
[Date "2024.9.10"]
[Round "2"]
[White "tucuman10"]
[Black "RaulSoft2"]
[Result "0-1"]
[WhiteElo "2210"]
[BlackElo "2573"]

1. d4 d5 2. c4 e6 3. e3 Nf6 4. Nc3 b6 5. Nf3 Bd6 6. Bd3 Bb7 7. O-O O-O 8. cxd5
exd5 9. Bd2 c5 10. Ne5 Nc6 11. Ng4 Ne8 12. f4 cxd4 13. exd4 f5 14. Ne3 Nxd4 15.
Ncxd5 Bxd5 16. Nxd5 Bc5 17. Ne3 Nf3+ 18. Rxf3 Qxd3 19. Qb3+ Qxb3 20. axb3 Rd8
21. b4 Bxe3+ 22. Bxe3 Rf7 23. Bf2 Nf6 24. Be1 h5 25. Bc3 Ne4 26. Be5 h4 27. h3
Rd5 28. Rfa3 g5 29. Kh2 Nf2 30. Rxa7 Rxa7 31. Rxa7 g4 32. Kg1 Ne4 33. Kf1 g3 34.
Ra1 Rd2 35. b5 Kf7 36. Rc1 Ke7 37. Re1 Kd7 38. Re2 Rd1+ 39. Re1 Rd5 40. Ra1 Rd2
41. Re1 Rd5 42. Rc1 Rd2 43. Re1 Ke7 0-1

[Event "AUTO-OPEN-4503"]
[Site "http://www.queenalice.com/game.php?id=1843451"]
[Date "2024.9.10"]
[Round "2"]
[White "RaulSoft2"]
[Black "tucuman10"]
[Result "1-0"]
[WhiteElo "2592"]
[BlackElo "2230"]

1. d4 e6 2. e4 d5 3. Nc3 Bb4 4. e5 Bxc3+ 5. bxc3 Nc6 6. Qg4 g6 7. Bd3 Qe7 8. h4
h6 9. a4 Qf8 10. h5 g5 11. f4 f5 12. exf6 Nxf6 13. Qg3 g4 14. Ba3 Qg7 15. Bg6+
Kd8 16. Ne2 Na5 17. O-O Nc4 18. Nc1 a5 19. Nd3 Nxa3 20. Rxa3 Rf8 21. Qe3 Ne8 22.
Ne5 Nd6 23. Qe2 Bd7 24. Qxg4 Qf6 25. Bd3 Be8 26. Raa1 c6 27. Rae1 Kc7 28. Re3
Rd8 29. Kh2 Kb8 30. Ng6 Bxg6 31. hxg6 Nf5 32. Re5 Rde8 33. g3 Ng7 34. Qe2 h5 35.
Kh3 Rh8 36. Rg5 Qe7 37. c4 Qd7 38. Qe5+ Ka8 39. Kg2 Rhg8 40. c5 Rh8 41. Rb1 h4
42. g4 h3+ 43. Kh2 Ka7 44. Rf1 Qe7 45. Qe1 Qd8 46. Qe5 Re7 47. Rf3 Rf8 48. Re3
Rc7 49. Rxh3 Re7 50. Rh7 Rh8 51. Rxh8 Qxh8+ 52. Rh5 Qg8 53. Rh7 1-0

[Event "AUTO-OPEN-4506"]
[Site "http://www.queenalice.com/game.php?id=1843461"]
[Date "2024.9.10"]
[Round "3"]
[White "RaulSoft2"]
[Black "Capixabba789"]
[Result "1-0"]
[WhiteElo "2547"]
[BlackElo "1954"]

1. d4 d5 2. c4 Nf6 3. cxd5 Nxd5 4. Nf3 Bg4 5. Ne5 Bh5 6. Qb3 Nb6 7. Qh3 Bg6 8.
Nxg6 fxg6 9. e3 Qd7 10. Qf3 Nc6 11. Bb5 O-O-O 12. O-O Kb8 13. Bxc6 Qxc6 14. Qxc6
bxc6 15. Nd2 e6 16. Nf3 Bd6 17. Bd2 h5 18. Rfc1 Kb7 19. Rc2 Rhf8 20. Rac1 1-0

[Event "AUTO-OPEN-4506"]
[Site "http://www.queenalice.com/game.php?id=1843462"]
[Date "2024.9.10"]
[Round "3"]
[White "Capixabba789"]
[Black "RaulSoft2"]
[Result "0-1"]
[WhiteElo "1968"]
[BlackElo "2535"]

1. e4 e5 2. Nf3 Nc6 3. d4 exd4 4. Nxd4 Nf6 5. Nxc6 bxc6 6. Bd3 d5 7. exd5 cxd5
8. Nd2 Bd6 9. O-O O-O 10. f4 Re8 11. Nf3 Bc5+ 12. Kh1 Ne4 13. Bxe4 dxe4 14. Ne5
Ba6 15. c4 Qxd1 16. Rxd1 f6 17. Ng4 e3 18. Nxe3 Bxe3 19. Bxe3 Rxe3 20. b3 Re2
21. Rd7 Bb7 0-1

[Event "AUTO-ELITE-2541"]
[Site "http://www.queenalice.com/game.php?id=1843921"]
[Date "2024.9.18"]
[Round "2"]
[White "mestreRJ"]
[Black "RaulSoft2"]
[Result "1/2-1/2"]
[WhiteElo "2718"]
[BlackElo "2567"]

1. e4 e5 2. Nf3 Nc6 3. Bc4 Bc5 4. c3 Nf6 5. d4 exd4 6. cxd4 Bb4+ 7. Bd2 Nxe4 8.
Bxb4 Nxb4 9. Bxf7+ Kxf7 10. Qb3+ d5 11. Ne5+ Ke6 12. Qxb4 Qf8 13. Qxf8 Rxf8 14.
Nc3 c5 15. Nd3 Nxc3 16. bxc3 b6 17. f3 Kd6 18. a4 Bf5 19. Ne5 Rfc8 20. g4 cxd4
21. cxd4 Bg6 22. Kd2 Rc2+ 23. Ke3 Be8 24. h4 Rac8 25. Rhd1 R8c3+ 26. Kf4 Rb3 27.
h5 Rb4 28. Ke3 Rc3+ 29. Rd3 Rxd3+ 30. Kxd3 Rxa4 31. Rc1 a5 32. Rc8 Bb5+ 33. Ke3
Ra3+ 34. Kf4 Ra4 35. Nf7+ Ke6 36. Ng5+ Kd6 37. Nf7+ Ke6 38. Ng5+ Kd6 39. Nf7+
1/2-1/2

[Event "AUTO-ELITE-2541"]
[Site "http://www.queenalice.com/game.php?id=1843922"]
[Date "2024.9.18"]
[Round "2"]
[White "RaulSoft2"]
[Black "mestreRJ"]
[Result "1/2-1/2"]
[WhiteElo "2577"]
[BlackElo "2716"]

1. d4 Nf6 2. c4 e5 3. dxe5 Ng4 4. Bf4 Nc6 5. Nf3 Bb4+ 6. Nc3 Bxc3+ 7. bxc3 Qe7
8. Qd5 f6 9. exf6 Nxf6 10. Qd3 d6 11. g3 O-O 12. Bg2 Bg4 13. h3 Bh5 14. c5 dxc5
15. O-O Rae8 16. Rae1 Ne4 17. Nd2 Bg6 18. Nxe4 Bxe4 19. Qc4+ Qf7 20. Qxc5 Bxg2
21. Kxg2 Qxa2 22. Qb5 Re7 23. Qxb7 Qc4 24. Qb1 Rfe8 25. Rd1 Rxe2 26. Qd3 Qxd3
27. Rxd3 Ne5 28. Rd4 c5 29. Rd5 c4 30. Be3 Nc6 31. Kh1 Rc2 32. Rc5 Ne5 33. Rc7
Nf3 34. Bxa7 Rxc3 35. h4 Rc2 36. Rb1 Re1+ 37. Rxe1 Nxe1 38. h5 c3 39. Be3 h6 40.
g4 Nf3 41. Kg2 Ng5 42. Rc4 Kh7 43. Rc7 Kg8 44. Rc4 Kh7 45. Rc7 Kg8 1/2-1/2

[Event "AUTO-ELITE-2541"]
[Site "http://www.queenalice.com/game.php?id=1843926"]
[Date "2024.9.18"]
[Round "2"]
[White "raulzampronha"]
[Black "RaulSoft2"]
[Result "0-1"]
[WhiteElo "2338"]
[BlackElo "2544"]

1. d4 d5 2. c4 e6 3. Nc3 Bb4 4. e3 Nf6 5. Qa4+ Nc6 6. Nf3 O-O 7. Bd2 dxc4 8.
Bxc4 Bd6 9. Nb5 Bd7 10. Qc2 a6 11. Nxd6 cxd6 12. Rc1 Rc8 13. Qb1 Ne7 14. O-O Bc6
15. Bd3 Bxf3 16. gxf3 Ng6 17. Bb4 Rxc1 18. Rxc1 Nh4 19. Be2 Nd5 20. Bd2 Qg5+ 0-1

[Event "AUTO-ELITE-2538"]
[Site "http://www.queenalice.com/game.php?id=1844090"]
[Date "2024.9.21"]
[Round "2"]
[White "RaulSoft2"]
[Black "mestreRJ"]
[Result "1/2-1/2"]
[WhiteElo "2567"]
[BlackElo "2716"]

1. d4 Nf6 2. c4 e5 3. dxe5 Ng4 4. Bf4 Nc6 5. Nf3 Bb4+ 6. Nc3 Bxc3+ 7. bxc3 Qe7
8. Qd5 f6 9. exf6 Nxf6 10. Qd3 d6 11. g3 O-O 12. Bg2 Re8 13. Be3 Rb8 14. O-O b6
15. Rfe1 h6 16. Bd4 Ne5 17. Qc2 Nxf3+ 18. Bxf3 Ne4 19. Bh5 Rf8 20. Bg6 Ng5 21.
h4 Nh3+ 22. Kg2 Nf4+ 23. gxf4 Rxf4 24. f3 Bh3+ 25. Kf2 Qxh4+ 26. Ke3 Qg5 27. Kf2
Qh4+ 28. Ke3 Qg5 29. Rg1 Rg4+ 30. Kf2 Qh4+ 31. Ke3 Qg5+ 32. Kf2 Qh4+ 33. Ke3
Qg5+ 1/2-1/2

[Event "AUTO-ELITE-2558"]
[Site "http://www.queenalice.com/game.php?id=1846728"]
[Date "2024.11.5"]
[Round "1"]
[White "Alexandrovinsk"]
[Black "RaulSoft2"]
[Result "0-1"]
[WhiteElo "2242"]
[BlackElo "2566"]

1. e4 e5 2. Nf3 Nc6 3. Bc4 Bc5 4. d3 Nf6 5. Nc3 h6 6. O-O O-O 7. Na4 Be7 8. Nc3
Bc5 9. a4 d6 10. a5 a6 0-1

[Event "AUTO-INT-3864"]
[Site "http://www.queenalice.com/game.php?id=1847613"]
[Date "2024.11.22"]
[Round "2"]
[White "SGF"]
[Black "RaulSoft2"]
[Result "0-1"]
[WhiteElo "1813"]
[BlackElo "2570"]

1. e4 e5 2. Qf3 Nf6 3. d3 d5 4. Be2 Nc6 5. c3 Be6 6. Qg3 dxe4 7. Bg5 exd3 8. Bf3
Qd7 9. Bxc6 Qxc6 10. Nf3 Ne4 11. Qh4 f6 12. Bd2 h5 13. O-O g5 14. Nxg5 fxg5 15.
Bxg5 Rg8 16. Qxh5+ Bf7 17. Qh4 Nxg5 18. Re1 Nf3+ 19. Kf1 Nxh4 20. f3 Rxg2 21.
Rxe5+ Be6 22. Rh5 Qxf3+ 23. Ke1 Qe2# 0-1

[Event "AUTO-INT-3864"]
[Site "http://www.queenalice.com/game.php?id=1847614"]
[Date "2024.11.22"]
[Round "2"]
[White "RaulSoft2"]
[Black "SGF"]
[Result "1-0"]
[WhiteElo "2571"]
[BlackElo "1811"]

1. d4 e6 2. e4 d5 3. Nc3 Bb4 4. e5 a6 5. a3 Bxc3+ 6. bxc3 b5 7. Qg4 h5 8. Qxg7
Qh4 9. Qxh8 Kf8 10. Bh6+ Ke7 11. Qxg8 Nd7 12. Bg5+ Qxg5 13. Qxg5+ Kf8 14. Qd8+
Kg7 15. Qg5+ Kf8 16. Qd8+ Kg7 17. Qg5+ Kf8 18. Nf3 Nb6 19. Qd8+ Kg7 20. Ng5 Ra7
21. Qf6+ Kg8 22. Qxf7+ Kh8 23. Qh7# 1-0

[Event "AUTO-INT-3864"]
[Site "http://www.queenalice.com/game.php?id=1847618"]
[Date "2024.11.22"]
[Round "2"]
[White "Rasumichin"]
[Black "RaulSoft2"]
[Result "0-1"]
[WhiteElo "1655"]
[BlackElo "2588"]

1. e4 e5 2. Nf3 Nc6 3. Bb5 Nf6 4. Nc3 Nd4 5. Nxd4 exd4 6. e5 dxc3 7. exf6 cxd2+
8. Qxd2 Qxf6 9. Qf4 Qxf4 10. Bxf4 c6 11. Bd3 d5 12. O-O Be6 13. Rfe1 g6 14. c4
O-O-O 15. b4 Bxb4 16. Re2 dxc4 17. Be4 Rhe8 18. Rb1 a5 19. Rc1 c3 20. g3 Bxa2
21. Bg5 Rd6 22. Ra1 Bc4 23. Re3 Rde6 24. f3 f5 25. Bc2 Rxe3 26. f4 Re2 27. Bd1
Bc5+ 28. Kf1 Rf2+ 29. Kg1 Re1# 0-1

[Event "AUTO-ELITE-2545"]
[Site "http://www.queenalice.com/game.php?id=1847659"]
[Date "2024.11.23"]
[Round "2"]
[White "acid"]
[Black "RaulSoft2"]
[Result "1/2-1/2"]
[WhiteElo "2728"]
[BlackElo "2570"]

1. e4 e5 2. Nf3 Nc6 3. Bb5 Nf6 4. O-O Nxe4 5. Re1 Nd6 6. Nxe5 Be7 7. Bf1 Nxe5 8.
Rxe5 O-O 9. d4 Bf6 10. Re1 Re8 11. c3 Rxe1 12. Qxe1 Ne8 13. Bf4 d5 14. Nd2 Bf5
15. Qe2 c6 16. Re1 Nd6 17. Be5 Be7 18. g4 Be6 19. h3 Bf8 20. Nf3 Ne4 21. Nd2 Nd6
22. Nf3 Ne4 23. Nd2 Nd6 1/2-1/2

[Event "AUTO-OPEN-4512"]
[Site "http://www.queenalice.com/game.php?id=1848007"]
[Date "2024.11.28"]
[Round "3"]
[White "RaulSoft2"]
[Black "tucuman10"]
[Result "1-0"]
[WhiteElo "2593"]
[BlackElo "2229"]

1. d4 e6 2. e4 d5 3. Nc3 Bb4 4. e5 c5 5. a3 Bxc3+ 6. bxc3 Ne7 7. h4 Qc7 8. h5 h6
9. Rb1 Qa5 10. Bd2 Qc7 11. Qg4 Nf5 12. Bd3 O-O 13. Nf3 Nc6 14. Qf4 c4 15. Be2
Nfe7 16. g4 f6 17. Qh2 Rf7 18. exf6 Qxh2 19. Rxh2 Rxf6 20. g5 hxg5 21. Bxg5 Rf7
22. Kd2 Nf5 23. Rg1 b5 24. h6 1-0

[Event "AUTO-ELITE-2537"]
[Site "http://www.queenalice.com/game.php?id=1849716"]
[Date "2025.1.2"]
[Round "3"]
[White "RaulSoft2"]
[Black "acid"]
[Result "1/2-1/2"]
[WhiteElo "2574"]
[BlackElo "2724"]

1. d4 Nf6 2. c4 c6 3. Nf3 d5 4. cxd5 cxd5 5. Nc3 Nc6 6. Bf4 Bf5 7. e3 e6 8. Qb3
Bb4 9. Bb5 Bxc3+ 10. Qxc3 O-O 11. Bxc6 Rc8 12. Ne5 Ng4 13. Nxg4 Bxg4 14. Qb4
Rxc6 15. Qxb7 Qc8 16. Qxc8 Rfxc8 17. O-O h5 18. b3 Bf5 19. f3 Rc2 1/2-1/2

[Event "AUTO-ELITE-2537"]
[Site "http://www.queenalice.com/game.php?id=1849717"]
[Date "2025.1.2"]
[Round "3"]
[White "acid"]
[Black "RaulSoft2"]
[Result "1/2-1/2"]
[WhiteElo "2722"]
[BlackElo "2589"]

1. c4 e5 2. g3 Nf6 3. Bg2 c6 4. d4 e4 5. d5 cxd5 6. cxd5 Bb4+ 7. Bd2 Qe7 8. Bxb4
Qxb4+ 9. Nc3 Qxb2 10. Qc1 Qxc1+ 11. Rxc1 Na6 12. Nxe4 Nxe4 13. Bxe4 O-O 14. Bb1
b6 15. g4 Nc5 16. f3 Ba6 17. e4 Rfc8 18. Kd2 Kf8 19. h4 d6 20. Nh3 b5 21. Nf4 b4
22. Bd3 Bxd3 23. Nxd3 Nxd3 24. Kxd3 a5 25. Rc4 Rxc4 26. Kxc4 1/2-1/2

[Event "AUTO-MASTER-3215"]
[Site "http://www.queenalice.com/game.php?id=1849800"]
[Date "2025.1.4"]
[Round "2"]
[White "RaulSoft2"]
[Black "CCapivara"]
[Result "1-0"]
[WhiteElo "2586"]
[BlackElo "2196"]

1. d4 d6 2. e4 Nf6 3. Nc3 c6 4. f4 Qa5 5. Bd3 e5 6. Nf3 Bg4 7. Be3 Nbd7 8. O-O
Bh5 9. Kh1 exf4 10. Bxf4 Be7 11. Qd2 O-O 12. e5 dxe5 13. dxe5 Nd5 14. Nxd5 Qxd5
15. c4 Qc5 16. a3 Qb6 17. Bxh7+ Kxh7 18. Qxd7 Bc5 19. Qh3 g6 20. g4 Kg7 21. gxh5
Rh8 22. h6+ Kg8 23. e6 Qd8 24. exf7+ Kxf7 25. Rae1 1-0

[Event "AUTO-MASTER-3215"]
[Site "http://www.queenalice.com/game.php?id=1849801"]
[Date "2025.1.4"]
[Round "2"]
[White "CCapivara"]
[Black "RaulSoft2"]
[Result "0-1"]
[WhiteElo "2195"]
[BlackElo "2587"]

1. e4 e5 2. Nf3 Nc6 3. Bb5 Nf6 4. d3 Bc5 5. O-O Nd4 6. Nxd4 Bxd4 7. c3 Bb6 8.
Bg5 h6 9. Bh4 c6 10. Ba4 g5 11. Bg3 d6 12. Nd2 h5 13. h4 g4 14. Kh2 Be6 15. Bb3
Qe7 16. Nc4 Bc7 17. Qe2 O-O-O 18. d4 Nxe4 19. dxe5 Nxg3 20. fxg3 dxe5 21. Rae1
e4 22. Qxe4 Qxh4+ 23. Kg1 Bxg3 24. Rxf7 Qh2+ 25. Kf1 Qh1+ 0-1